00580nam a22002057a 450000500170000001000130001702000210003003500130005103700160006404000120008008200170009210000170010924500480012626000470017427000490022130000230027050000190029365000240031265000380033620170124110116.0 aA-992162 c00.00a817510113 aA-992162 bCen Lib/Ret aDPLbEN a923.254bKOH aKohli, A. B. aTitans of Indian politics /cby A. B. Kohli aNew DelhibReliance Publishing Housec2000 bNew DelhiaB-123026/7H, Ranjit Nagare110008 ax,221p. c21cm(Hb) aIncludes index a India -- Biography aPoliticians -- India -- Biography